O statistice a její theorii, o vědách a zájmech, s nimiž souvisí S hlediska všeobecného i pojistného napsal, a zprávu o kursu pro techniku pojistnou připojil
Guardado en:
| Autor principal: | |
|---|---|
| Formato: | Libro |
| Lenguaje: | checo |
| Publicado: |
Praha
Česká jednota pro vědy pojistné
1920
|
| Edición: | 1. vyd. |
| Colección: | Rozpravy České jednoty pro vědy pojistné
č. 1 |
| Materias: | |
| Etiquetas: |
Sin Etiquetas, Sea el primero en etiquetar este registro!
|
MARC
| LEADER | 00000nam a2200000 4500 | ||
|---|---|---|---|
| 001 | c021831 | ||
| 005 | 20221207072404.1 | ||
| 041 | 0 | |a cze | |
| 044 | |a CZ | ||
| 245 | 1 | 0 | |a O statistice a její theorii, o vědách a zájmech, s nimiž souvisí |b S hlediska všeobecného i pojistného napsal, a zprávu o kursu pro techniku pojistnou připojil |c Josef Beneš |
| 250 | |a 1. vyd. | ||
| 264 | 1 | |a Praha |b Česká jednota pro vědy pojistné |c 1920 | |
| 300 | |a 102 s. | ||
| 490 | 1 | |a Rozpravy České jednoty pro vědy pojistné |v č. 1 | |
| 830 | 0 | |a Rozpravy České jednoty pro vědy pojistné |v č. 1 | |
| 610 | 2 | 0 | |a štatistika |
| 610 | 2 | 0 | |a teória štatistiky |
| 610 | 2 | 0 | |a poistenie |
| 100 | 1 | |a Beneš, Josef | |